1332 1149 1731 1919 1648 1760 1831 1022 1208 1606 1337 1354 1276 1443 1496 1745 1843 1113 1871 1768 1199 1751 1557 1372 1265 1220 1836 1711 1767 1185 1873 1090 1824 1288 1236 1214 1583 1465 1738 1906 1816 1607 1699 1763 1472 1729 1879 1059 1022 1398 1402 1693 1576 1126 1997 1318 1157 1463 1242 1323 1174 1058 1870 1756 1464 1149 1765 1853 1001 1656 1010 1810 1898 1024 1500 1854 1399 1728 1029 1160 1637 1360 1153 1743 1191 1152 1371 1370 1236 1409 1743 1410 1175 1409 1620 1698 1880 1658 1270 BCNSPRNW ULIB Ver.6.0+V

เปลี่ยนเป็นภาษาไทย

Change to English
 แสดงรายละเอียดบรรณานุกรม
  กลับหน้าหลัก

Brief Record : Get Marc (ISO 2709) : E-mail record : QR code < ปิดหน้าต่าง
LEADER : 00000nam 2200000uu 4500
001    13399122851
003     ULIB
008    131022s2555||||th 000 0 tha d
020    ^a9789742473709
050  4 ^aDS520^bป533ร
100    ^aปัทมาพร คำโท
245    ^aเราคืออาเซียน-- ไทย /^cปัทมาพร คำโท
250    ^aพิมพ์ครั้งที่ 4
260    ^aกรุงเทพฯ :^bอมรินทร์คอมมิกส์,^c2555
300    ^a61 หน้า
440  0 ^aชุด เราคืออาเซียน
650  7 ^aประชาคมอาเซียน
650  7 ^aอาเซียน
650  7 ^aไทย
945    ^p75^l0^i034073
999    ^aทศพร
รายการนี้ยังไม่มีแท็ก
คุณยังไม่ได้ล็อกอิน คุณสามารถมีกิจกรรมร่วมกับเว็บไซต์ได้ แต่ต้องล็อกอินก่อน ::
  ล็อกอิน

รายการสื่อสารสนเทศ

ลำดับที่ ประเภท เลขเรียก/บาร์โค้ด สถานที่ สถานะ
1. การศึกษาทั่วไป
หนังสือสำรอง
สถานะ=หนังสือสำรอง
DS520 ป533ร ฉ.1 
  Barcode: 034073
ห้องสมุดวิทยาเขตสวรรค์ประชารักษ์
►หนังสือทั่วไป
บนชั้น

รายการใกล้เคียง
    ผู้แต่ง [ปัทมาพร คำโท]

    หัวเรื่อง [ประชาคมอาเซียน]
    หัวเรื่อง [อาเซียน]
    หัวเรื่อง [ไทย]

BibComment


ยังไม่เคยถูกคอมเมนท์

คอมเมนท์ทรัพยากรรายการนี้
  คอมเมนท์: เราคืออาเซียน ไท..


 Copyright 2026. Bcnsprnw @Library